00831nam a2200277Ia 4500008004000000020001800040041000800058082001600066100002400082245006000106260003200166300001300198650001100211650000800222650001000230650000700240650000900247650001400256650001300270650001200283690001900295700001800314906001100332999001900343952019100362210210b2016 xxu||||| |||| 00| 0 eng d a9789386228086 aeng a954.03 DALK aDALRYMPLE (William) aKohinoor: the story of the worlds most infamous diamond aNew DelhibJuggernautc2016 aviii,239 aworlds athe astory aof amost aKohinoor: ainfamous adiamond aIndian History aANAND (Anita) a071206 c120556d120556 001040708HistoryaALbALcHistoryd2021-02-17eNavakarnataka Publication Pvt Ltd Mangaloreg499.00l1o954.03 DALKp071206q2026-06-03r2026-05-19 12:33:53s2026-05-19w2021-02-17yBK